Koncepcia výchovy a vzdelávania národnostných menšín
Problematika vzdelávania národnostných menšín. Aká je situácia v Európskej únii. Súčasný slovenský vzdelávací systém. Vybrané časti koncepcie s komentárom. Zásady výchovy a vzdelávania. Zmena obsahu výchovy a vzdelávania. Kvalita výchovy a vzdelávania v školách a školských zariadeniach pre národnost...
Enregistré dans:
| Auteur principal: | |
|---|---|
| Format: | Chapitre de livre |
| Langue: | slovaque |
| Sujets: | |
| Tags: |
Pas de tags, Soyez le premier à ajouter un tag!
|
MARC
| LEADER | 00000naa$a2200000$$$4500 | ||
|---|---|---|---|
| 001 | 0078052 | ||
| 005 | 20231013072552.1 | ||
| 041 | 0 | |a slo | |
| 044 | |a SK | ||
| 245 | 1 | 0 | |a Koncepcia výchovy a vzdelávania národnostných menšín |c Jaroslav Bartl |
| 520 | |a Problematika vzdelávania národnostných menšín. Aká je situácia v Európskej únii. Súčasný slovenský vzdelávací systém. Vybrané časti koncepcie s komentárom. Zásady výchovy a vzdelávania. Zmena obsahu výchovy a vzdelávania. Kvalita výchovy a vzdelávania v školách a školských zariadeniach pre národnostné menšiny. Materiálno - technické zabezpečenie vzdelávacieho procesu. Vyučovanie cudzích jazykov. Pozícia a poslanie samosprávy. | ||
| 610 | 2 | 0 | |a výchova |
| 610 | 2 | 0 | |a vzdelávanie |
| 610 | 2 | 0 | |a menšiny národnostné |
| 610 | 2 | 0 | |a vybavenosť technická |
| 610 | 2 | 0 | |a samospráva |
| 610 | 2 | 0 | |a Európska únia |
| 610 | 2 | 0 | |a Slovensko |
| 100 | 1 | |a Bartl, Jaroslav | |